000 01427cam a22004334i 4500
003 PE-LiUPU
005 20250731173006.0
008 150623s1969 bl r 000 0 por d
035 _a(Sirsi) a22079
040 _aPE-LiUPU
_bspa
_cPE-LiUPU
_erda
049 _aPRUA
082 0 4 _a220
_bB17
_221
130 _aBiblia.
_lPortugués.
245 1 2 _aA Biblia Sagrada /
_cSociedade Bíblica do Brasil.
264 1 _aBrasília. DF :
_bSociedade Bíblica do Brasil,
_c1969.
300 _apag. varia ;
_c19 centímetros
336 _atext
_2rdacontent
337 _aunmediated
_2rdamedia
338 _avolume
_2rdacarrier
505 0 _aA Bíblia Sagrada. -O Velho e o Novo Testamento.
526 _aSEG42
526 _aSEG41
526 _aSEG40
526 _aSEG39
526 _aP94
526 _aP87
526 _aP86
526 _aP85
526 _aP77
526 _aP76
526 _aP35
630 0 4 _aBiblia.
_lPortugúes.
700 1 _aAlmeida, Joao Ferreira de
_eeditor.
942 _2ddc
_cBOOK
949 _a220 B17
_wDEWEY
_c1
_i45744
_lCCODEBUL1
_mBUL
_p00.00
_r0
_sY
_tBOOK
_u2015-06-24
_xTEOLOGIA
_PP35
_0COMPRA
_o.STAFF. Colección General
596 _a1
999 _a220 B17
_wDEWEY
_c22611
_i45744
_d22611
_e2022-5-25
_f2021-11-9
_g5
_lCCODEBUL1
_mBUL
_n13
_p15.00
_q4
_r0
_sY
_tBOOK
_u2015-6-24
_xTEOLOGIA
_PP35
_0COMPRA
_o.STAFF. Colección Teología
980 _81
_gALBERTO SANCHEZ Responsable de Automatización